00475nam a2200169Ia 450000500170000000800410001702000180005804100120007608200190008810000190010724500640012625000080019026000400019850000080023865000370024670000220028320240823053734.0240823s9999||||xx |||||||||||||| ||und|| a81-7520-121-5 aENGLISH A013.3790954 Q5 aYoud Vir Singh 0aBibliography of Doctoral Dissertations Social Sciences 2013 a1st c2015bAssociation of Indian Univers aYES aBibliographybManagement Studies a Rama Devi Pani S